000 00464nam a22001697a 4500
003 BD-ChCU
005 20251116142235.0
008 251116b bg ||||| |||| 00| 0 ben d
040 _cBD-ChCU
082 _a297.4 SOC
100 _aM. I. Inamul Hoque
_916239
245 _aSociety and culture in Islam.
260 _aChittagong.
_bDept. of Islamic History & Cultue C. U.
_c1986
300 _a173p
650 0 _aIslamic - Societies.
_916241
942 _2ddc
_cBK
_n0
999 _c109491
_d109491